000 00732nam0a22002411 4500
001 rc\510769
005 20260406102509.0
035 _a(NLR Aleph) 005750814
090 _a4837730
_c4837730
100 _a20030616d1988 |||y0rusy50 ca
101 0 _arus
102 _aRU
105 _aa |||||||||
200 1 _aВстречи в пути
_e[Очерки]
210 _aМ.
_cИскусство
_d1988
215 _a222, [1] с.
_cил., цв. ил.
_d23
700 1 _7ca
_8rus
_aВерейский
_bО. Г.
_cхудожник
_f1915-1993
_gОрест Георгиевич
_967131
_3RU\NLR\AUTH\7784203
801 0 _aRU
_bNLR
_gpsbo
801 1 _aRU
_bELAR
_2rusmarc
852 _aNLR
_j88-7/1723
942 _cBOOK
980 _aNB